Most Popular Destinations for American Citizens - Statistics

General Stats
  • This quiz has been taken 1,411 times
  • The average score is 16 of 20
Answer Stats
# of Visitors Country % Correct
22.06 mil Canada
99%
8.39 mil Mexico
99%
3.17 mil France
98%
3.27 mil United Kingdom
97%
1.22 mil Spain
96%
3.73 mil Italy
95%
3.27 mil China
94%
2.37 mil Germany
94%
1.03 mil Japan
94%
1.12 mil India
81%
1.32 mil Ireland
79%
1.07 mil Bahamas
77%
0.77 mil South Korea
75%
0.99 mil Netherlands
74%
0.87 mil Thailand
69%
1.30 mil Jamaica
67%
0.80 mil Turkey
65%
1.89 mil Dominican Republic
62%
1.08 mil Costa Rica
53%
0.81 mil Belize
28%
No matching quizzes found
Score Distribution
Percent of People with Each Score
Percentile by Number Answered
Your Score History
You have not taken this quiz